| 000 | 00464nam a2200157Ia 4500 | ||
|---|---|---|---|
| 999 |
_c20554 _d20554 |
||
| 082 | _aTS.0625 | ||
| 100 | _aSrivastava, Rajendra Kumar | ||
| 245 | 0 | _aSome inferences in a component of variance model using preliminary tests of significance | |
| 260 |
_c1972 _bUniversity of Lucknow |
||
| 300 | _a156p. + C D - 57 | ||
| 650 | _aINFERENCE | ||
| 650 | _aANALYSIS OF VARIANCE | ||
| 650 | _aSTATISTICAL HYPOTHESIS TESTING | ||
| 710 | _aRoy, A.R. | ||
| 942 |
_cTH _2ddc |
||